| 000 -ლიდერი |
| ფიქსირებული სიგრძის საკონტროლო ველი |
02089nam a22002177a 4500 |
| 003 - საკონტროლო ნომრის იდენტიფიკატორი |
| საკონტროლო ველი |
Ge_BSU |
| 005 - ბოლო ოპერაციის თარიღი და დრო |
| საკონტროლო ველი |
20201119140917.0 |
| 008 - ფიქსირებული სიგრძის მონაცემთა ელემენტები - ზოგადი ინფორმაცია |
| ფიქსირებული სიგრძის საკონტროლო ველი |
200819s2019 ge ||||| |||| 00| 0 geo d |
| 020 ## - წიგნის საერთაშორისო სტანდარტული ნომერი |
| International Standard Book Number |
9789941963827 |
| 041 ## - ენის კოდი |
| Language code of text/sound track or separate title |
geo |
| 080 ## - უნივერსალური ათობითი კლასიფიკაციის ინდექსი |
| Universal Decimal Classification number |
347.918 (479.22) ყ - 25 |
| 100 ## - მთავარი ჩანაწერი - პიროვნების სახელი |
| Personal name |
ყანდაშვილი, ირაკლი |
| 9 (RLIN) |
9252 |
| 245 ## - ცნობა სათაურის შესახებ |
| Title |
საქართველოში მედიაციის მაგალითზე დავის ალტერნატიული გადაწყვეტის სასამართლო და არასასამართლო ფორმები: |
| Remainder of title |
სადისერტაციო მონოგრაფიული კვლევა, შედარებითი ანალიზი / |
| Statement of responsibility, etc |
ირაკლი ყანდაშვილი; სადისერტაციო ნაშრომის სამეცნიერო ხელმძრვანელი წიგნის რედაქტორი: ზურაბ ძლიერიშვილი; ივანე ჯავახიშვილის სახელობის თბილისის სახელმწიფო უნივერსიტეტი. იურიდიული ფაკულტეტი. |
| 264 ## - წარმოების, გამოცემის, დისტრიბუციის და სხვა ცნობები |
| გამოცემის, წარმოების, დისტრიბუციის... ადგილი |
თბილისი: |
| გამოცემის, წარმოების, დისტრიბუციის... სახელწოდება |
იურისტების სამყარო, |
| გამოცემის, წარმოების, დისტრიბუციის... თარიღი |
2019. |
| 300 ## - ფიზიკური აღწერა |
| Extent |
348 გვ. |
| Other physical details |
21 სმ. |
| 504 ## - BIBLIOGRAPHY, ETC. NOTE |
| Bibliography, etc |
ბიბლიოგრაფია: გვ. 324-343 |
| 653 ## - INDEX TERM--UNCONTROLLED |
| Uncontrolled term |
სასამართლო მედიაცია |
| 700 ## - ADDED ENTRY--PERSONAL NAME |
| Personal name |
ძლიერიშვილი, ზურაბ |
| Relator term |
დისერტაციო ნაშრომის სამეცნიერო ხელმძრვანელი |
| -- |
წიგნის რედაქტორი |
| 9 (RLIN) |
8152 |
| 710 ## - ADDED ENTRY--CORPORATE NAME |
| Corporate name or jurisdiction name as entry element |
ივანე ჯავახიშვილის სახელობის თბილისის სახელმწიფო უნივერსიტეტი |
| Subordinate unit |
იურიდიული ფაკულტეტი |
| 9 (RLIN) |
5950 |
| 942 ## - ADDED ENTRY ELEMENTS (KOHA) |
| Source of classification or shelving scheme |
|
| Koha item type |
წიგნი |